[Event "4. Magistral Internacional de Pinamar"]
[Site "Pinamar ARG"]
[Date "2006.11.22"]
[Round "4.3"]
[White "Rodriguez, Andres"]
[Black "Rodi, Luis Ernesto"]
[Result "1-0"]
[WhiteElo "2496"]
[BlackElo "2283"]
[PlyCount "51"]
[EventDate "2006.11.20"]
[EventType "tourn"]
[EventRounds "11"]
[EventCountry "ARG"]
[EventCategory "7"]
[Source "lmi"]
[SourceDate "2006.11.20"]

1. e4 e5 2. Nf3 Nc6 3. Bc4 Bc5 4. c3 Qe7 5. b4 Bb6 6. a4 a6 7. O-O d6 8. d3 Nf6
9. Nbd2 h6 10. Ba2 g5 11. Nc4 Ba7 12. b5 Nd8 13. Ba3 Nd7 14. d4 Qf6 15. Ne3 Qg6
16. Nd5 Ne6 17. dxe5 dxe5 18. bxa6 bxa6 19. Ne7 Qf6 20. Bd5 Rb8 21. Nxc8 Rxc8
22. Bc6 Rd8 23. Qd5 Nf4 24. Qxe5+ Qxe5 25. Nxe5 Ne2+ 26. Kh1 1-0

[Event "4. Magistral Internacional de Pinamar"]
[Site "Pinamar ARG"]
[Date "2006.11.22"]
[Round "4.4"]
[White "Cordova, Emilio"]
[Black "Jonkman, Harmen"]
[Result "0-1"]
[WhiteElo "2482"]
[BlackElo "2430"]
[PlyCount "140"]
[EventDate "2006.11.20"]
[EventType "tourn"]
[EventRounds "11"]
[EventCountry "ARG"]
[EventCategory "7"]
[Source "lmi"]
[SourceDate "2006.11.20"]

1. e4 e5 2. Nf3 Nc6 3. Bb5 a6 4. Ba4 Nf6 5. O-O b5 6. Bb3 Be7 7. Re1 d6 8. c3
O-O 9. d4 Bb7 10. d5 Na5 11. Bc2 c6 12. dxc6 Bxc6 13. Nbd2 Bd7 14. Nf1 Nc4 15.
b3 Nb6 16. Bb2 Qc7 17. h3 Rad8 18. Qe2 Nh5 19. Ne3 Nf4 20. Qf1 g6 21. Rac1 h5
22. c4 bxc4 23. bxc4 Ne6 24. Bc3 Rc8 25. Nd2 Qa7 26. Ba5 Nd4 27. Bd3 Na4 28.
Nb3 Bg5 29. Kh1 Nc6 30. Bd2 Nc5 31. Rcd1 Be6 32. Bb1 Rb8 33. Na5 Nxa5 34. Bxa5
Be7 35. Nd5 Bxd5 36. cxd5 Rb5 37. Bd2 Bf6 38. f4 Qe7 39. Qf3 exf4 40. Bxf4 Be5
41. Rf1 Bxf4 42. Qxf4 Rb4 43. a3 Ra4 44. Rde1 Nd7 45. Re3 Kg7 46. Rc3 Ne5 47.
Rfc1 Qf6 48. Qxf6+ Kxf6 49. Rb3 a5 50. Rc7 Rc4 51. Ra7 a4 52. Rb6 Rc1+ 53. Kh2
Kg5 54. Rxa4 Rfc8 55. Rb2 R8c3 56. Rab4 Rxa3 57. R2b3 Rxb3 58. Rxb3 h4 59. g3
Rd1 60. gxh4+ Kxh4 61. Kg2 Rd2+ 62. Kf1 Rh2 63. Kg1 Rxh3 64. Rb6 Kg3 65. Kf1
Nc4 66. Rb3+ Kg4 67. Rb4 Kf3 68. Kg1 Nd2 69. Bc2 Rg3+ 70. Kh1 Kf2 0-1

[Event "4. Magistral Internacional de Pinamar"]
[Site "Pinamar ARG"]
[Date "2006.11.22"]
[Round "4.5"]
[White "Giaccio, Alfredo"]
[Black "Lemos, Damian"]
[Result "0-1"]
[WhiteElo "2462"]
[BlackElo "2371"]
[PlyCount "40"]
[EventDate "2006.11.20"]
[EventType "tourn"]
[EventRounds "11"]
[EventCountry "ARG"]
[EventCategory "7"]
[Source "lmi"]
[SourceDate "2006.11.20"]

1. e4 e6 2. d4 d5 3. Nc3 Bb4 4. a3 Bxc3+ 5. bxc3 dxe4 6. Qg4 Nf6 7. Qxg7 Rg8 8.
Qh6 Rg6 9. Qe3 Nc6 10. Bb2 Ne7 11. O-O-O b5 12. Bxb5+ c6 13. Ba4 Qa5 14. Bb3
Qf5 15. f3 Ned5 16. fxe4 Nxe3 17. exf5 Nxd1 18. Kxd1 Rxg2 19. Nf3 Rb8 20. Re1
Rxb3 0-1

[Event "4. Magistral Internacional de Pinamar"]
[Site "Pinamar ARG"]
[Date "2006.11.22"]
[Round "4.6"]
[White "Quinteros, Miguel A"]
[Black "Cubas, Jose Fernando"]
[Result "0-1"]
[WhiteElo "2488"]
[BlackElo "2426"]
[PlyCount "92"]
[EventDate "2006.11.20"]
[EventType "tourn"]
[EventRounds "11"]
[EventCountry "ARG"]
[EventCategory "7"]
[Source "lmi"]
[SourceDate "2006.11.20"]

1. Nf3 d5 2. g3 c6 3. Bg2 Nf6 4. d3 h6 5. O-O Bf5 6. b3 e6 7. Bb2 Be7 8. Nbd2
O-O 9. a3 a5 10. c4 Bh7 11. Rc1 Nfd7 12. Rc2 Re8 13. Qa1 Bf8 14. Re1 Na6 15.
Bh3 Nac5 16. Bd4 Qe7 17. Ne5 Nxe5 18. Bxe5 f6 19. Bb2 dxc4 20. Rxc4 e5 21. Qc1
Kh8 22. b4 Na4 23. Nf3 Nb6 24. Rc5 axb4 25. axb4 Qf7 26. Rc2 Bxb4 27. Bc3 Bf8
28. Nh4 Nd5 29. Bd2 f5 30. e4 Nb4 31. Bxb4 Bxb4 32. exf5 Bxe1 33. Qxe1 Ra2 34.
Rc5 Qe7 35. Qe3 Re2 36. Qxe2 Qxc5 37. Bg4 b5 38. Bf3 b4 39. Qa2 Rb8 40. Qe6 b3
41. f6 Qf8 42. Qxe5 gxf6 43. Qb2 Bxd3 44. Bxc6 Qd6 45. Ba4 Qe5 46. Qd2 b2 0-1

[Event "4. Magistral Internacional de Pinamar"]
[Site "Pinamar ARG"]
[Date "2006.11.23"]
[Round "5.1"]
[White "Rodi, Luis Ernesto"]
[Black "Hungaski, Robert Andrew"]
[Result "0-1"]
[WhiteElo "2283"]
[BlackElo "2366"]
[PlyCount "88"]
[EventDate "2006.11.20"]
[EventType "tourn"]
[EventRounds "11"]
[EventCountry "ARG"]
[EventCategory "7"]
[Source "lmi"]
[SourceDate "2006.11.20"]

1. d4 Nf6 2. Bg5 c5 3. Bxf6 gxf6 4. d5 Qb6 5. Qc1 f5 6. g3 Bg7 7. c3 d6 8. Nd2
Nd7 9. Nh3 Nf6 10. Bg2 e5 11. Qc2 O-O 12. Nc4 Qc7 13. Ne3 Qd7 14. Ng5 h6 15. h4
Re8 16. Nf3 Ng4 17. Bh3 Nxe3 18. fxe3 e4 19. Nd2 Qe7 20. O-O-O b5 21. Rhf1 Qe5
22. Rf4 h5 23. Rdf1 Bh6 24. Qb3 a6 25. R1f2 Kf8 26. Nf1 Bxf4 27. exf4 Qg7 28.
e3 Ke7 29. Rd2 Bd7 30. Qd1 Rh8 31. Kb1 a5 32. Rc2 a4 33. Qe2 Rab8 34. Kc1 b4
35. cxb4 Rxb4 36. a3 Rb3 37. Nd2 Qxg3 38. Nxb3 axb3 39. Rc3 Qxh3 40. Rxb3 Qh1+
41. Kc2 Ba4 42. Qa6 Bxb3+ 43. Kxb3 Qd1+ 44. Ka2 Qxd5+ 0-1

[Event "4. Magistral Internacional de Pinamar"]
[Site "Pinamar ARG"]
[Date "2006.11.23"]
[Round "5.2"]
[White "Flores, Diego"]
[Black "Giardelli, Sergio C"]
[Result "1-0"]
[WhiteElo "2512"]
[BlackElo "2413"]
[PlyCount "57"]
[EventDate "2006.11.20"]
[EventType "tourn"]
[EventRounds "11"]
[EventCountry "ARG"]
[EventCategory "7"]
[Source "lmi"]
[SourceDate "2006.11.20"]

1. d4 Nf6 2. c4 e6 3. Nc3 Bb4 4. e3 c5 5. Nge2 cxd4 6. exd4 O-O 7. a3 Be7 8.
Nf4 d5 9. cxd5 Nxd5 10. Ncxd5 exd5 11. Bd3 Bf6 12. O-O Nc6 13. Be3 g6 14. Rc1
Qd6 15. Bb1 Rd8 16. Rc5 Ne7 17. Qf3 b6 18. Rc3 Bf5 19. Nh5 Bh8 20. Bf4 Qd7 21.
Rc7 Qe6 22. Rxe7 Qxe7 23. Bxf5 gxh5 24. Qxh5 f6 25. Rd1 Re8 26. h3 Rad8 27. Rd3
Qf7 28. Rg3+ Kf8 29. Bh6+ 1-0

[Event "4. Magistral Internacional de Pinamar"]
[Site "Pinamar ARG"]
[Date "2006.11.23"]
[Round "5.3"]
[White "Kovalyov, Anton"]
[Black "Quinteros, Miguel A"]
[Result "1-0"]
[WhiteElo "2381"]
[BlackElo "2488"]
[PlyCount "163"]
[EventDate "2006.11.20"]
[EventType "tourn"]
[EventRounds "11"]
[EventCountry "ARG"]
[EventCategory "7"]
[Source "lmi"]
[SourceDate "2006.11.20"]

1. c4 g6 2. d4 c5 3. Nf3 Bg7 4. e4 d6 5. Nc3 Nc6 6. d5 Na5 7. Be2 Nf6 8. O-O
O-O 9. Bg5 h6 10. Bd2 e5 11. g3 Bh3 12. Re1 Nh5 13. b3 b6 14. Kh1 Bd7 15. Rg1
Qe7 16. Ne1 Nf6 17. Ng2 Nh7 18. f3 Nb7 19. Bd3 Rae8 20. Qc2 Ng5 21. Rgf1 Bh3
22. Rae1 Qd7 23. Rf2 Bxg2+ 24. Kxg2 Nh7 25. Nd1 h5 26. h4 Nf6 27. Kh2 Kh7 28.
Bf1 Bh6 29. Bh3 Qd8 30. Bc3 Qe7 31. Ne3 Nd8 32. Ng2 Bg7 33. Qb2 Bh8 34. Rfe2
Ng8 35. Qc2 Nh6 36. Bd2 Bg7 37. Rf1 Qc7 38. Kh1 Qe7 39. Bc1 Qc7 40. Bg5 Ng8 41.
Be3 Bh6 42. Bg1 Qe7 43. Bh2 Bg7 44. Ne3 Nh6 45. a3 Kh8 46. Rg2 Ng8 47. Bg1 Nf6
48. Bf2 Bh6 49. Qd3 Rg8 50. Nd1 Rg7 51. Rfg1 Rh7 52. Nc3 Kg8 53. Ne2 Qc7 54.
Be1 Kh8 55. Rh2 Kg8 56. g4 Bg7 57. Nc1 hxg4 58. fxg4 Qe7 59. Ne2 Nd7 60. g5 Nf8
61. Bg4 f6 62. gxf6 Bxf6 63. h5 g5 64. Ng3 Nf7 65. Bf5 Rh8 66. Bd2 Nh6 67. Qe2
Qd8 68. Rgg2 Re7 69. Bg4 Rg7 70. Nf5 Rgh7 71. Nxh6+ Rxh6 72. Bf5 Kf7 73. Qg4
Qe7 74. b4 Rg8 75. bxc5 bxc5 76. Be3 Rg7 77. Rb2 Kg8 78. Rb8 Kh8 79. Be6 Rgh7
80. Kg1 Kg7 81. Bf5 Rh8 82. Rhb2 1-0

[Event "4. Magistral Internacional de Pinamar"]
[Site "Pinamar ARG"]
[Date "2006.11.23"]
[Round "5.4"]
[White "Jonkman, Harmen"]
[Black "Rodriguez, Andres"]
[Result "1-0"]
[WhiteElo "2430"]
[BlackElo "2496"]
[PlyCount "155"]
[EventDate "2006.11.20"]
[EventType "tourn"]
[EventRounds "11"]
[EventCountry "ARG"]
[EventCategory "7"]
[Source "lmi"]
[SourceDate "2006.11.20"]

1. e4 e6 2. d4 d5 3. Nd2 Nf6 4. e5 Nfd7 5. Ngf3 c5 6. c3 Nc6 7. Bd3 cxd4 8.
cxd4 f6 9. exf6 Nxf6 10. O-O Bd6 11. Re1 O-O 12. Nb3 a5 13. a3 Qb6 14. Bg5 a4
15. Nc1 h6 16. Be3 Qxb2 17. Ne2 Qb6 18. Ne5 Qc7 19. f4 Bxe5 20. fxe5 Ng4 21.
Qc1 Bd7 22. h3 Nxe3 23. Qxe3 Na5 24. Nf4 Qb6 25. Ng6 Rf7 26. Rab1 Nb3 27. Bc2
Rc8 28. Bxb3 axb3 29. Rxb3 Qc6 30. Reb1 Qc2 31. Nf4 Ba4 32. R3b2 Qf5 33. Rf1
Qg5 34. Rf3 Rcf8 35. Rbf2 Bd1 36. Rg3 Qf5 37. Nd3 Qh7 38. Rxf7 Rxf7 39. Qc1 Be2
40. Qc8+ Rf8 41. Qxe6+ Kh8 42. Qe7 Rf1+ 43. Kh2 Bxd3 44. Qe8+ Qg8 45. Qxg8+
Kxg8 46. Rxd3 Rf4 47. a4 b6 48. g4 Kf7 49. Kg3 Re4 50. h4 Ke7 51. g5 hxg5 52.
hxg5 Ke6 53. g6 Kf5 54. Rf3+ Kxg6 55. Rf4 Re3+ 56. Kf2 Rc3 57. Rf8 Rc4 58. Ke3
Rxa4 59. Rd8 Kf5 60. Rxd5 Ra3+ 61. Kd2 g5 62. Rd6 g4 63. e6 Kf6 64. d5 g3 65.
Ke2 Ra2+ 66. Kf1 b5 67. Rd7 Rf2+ 68. Kg1 Re2 69. Rb7 Kf5 70. Kf1 Re5 71. Rxb5
Kg4 72. Rb8 Rf5+ 73. Kg1 Rxd5 74. e7 Rd1+ 75. Kg2 Rd2+ 76. Kf1 Rd1+ 77. Ke2 g2
78. Rg8+ 1-0

[Event "4. Magistral Internacional de Pinamar"]
[Site "Pinamar ARG"]
[Date "2006.11.23"]
[Round "5.5"]
[White "Lemos, Damian"]
[Black "Cordova, Emilio"]
[Result "1-0"]
[WhiteElo "2371"]
[BlackElo "2482"]
[PlyCount "120"]
[EventDate "2006.11.20"]
[EventType "tourn"]
[EventRounds "11"]
[EventCountry "ARG"]
[EventCategory "7"]
[Source "lmi"]
[SourceDate "2006.11.20"]

1. d4 Nf6 2. c4 e6 3. Nf3 b6 4. g3 Ba6 5. Nbd2 Bb4 6. Qc2 Bb7 7. Bg2 Be4 8. Qb3
Bxd2+ 9. Bxd2 O-O 10. O-O d6 11. Rfd1 Nbd7 12. Rac1 Qe7 13. Bh3 h6 14. Be3 a5
15. Nd2 Bb7 16. Nf1 a4 17. Qc2 Rfe8 18. f3 e5 19. d5 Nf8 20. Bf2 Bc8 21. Bxc8
Rexc8 22. e4 N8h7 23. Be3 Nd7 24. Kg2 Ndf8 25. Ra1 Qd7 26. b4 Ng6 27. Rac1 Rf8
28. c5 Rac8 29. cxb6 cxb6 30. Qd3 b5 31. Rxc8 Rxc8 32. Rc1 Rxc1 33. Bxc1 Ne7
34. Ne3 f5 35. Nd1 fxe4 36. fxe4 Nf6 37. Nc3 Qg4 38. Qxb5 Ng6 39. Qe2 Qxe2+ 40.
Nxe2 Nxe4 41. b5 Ne7 42. b6 Nc5 43. Be3 Nb7 44. Nc3 Kf7 45. Kf3 Ke8 46. Ke4 a3
47. Nb5 Kd7 48. Nxa3 Ng8 49. Kd3 Nf6 50. Kc4 Na5+ 51. Kb5 Nb7 52. Nc4 Nxd5 53.
Bd2 Ne7 54. a4 Nc6 55. Bc3 e4 56. a5 d5 57. a6 dxc4 58. a7 Nd6+ 59. Ka6 e3 60.
a8=Q e2 1-0

[Event "4. Magistral Internacional de Pinamar"]
[Site "Pinamar ARG"]
[Date "2006.11.23"]
[Round "5.6"]
[White "Cubas, Jose Fernando"]
[Black "Giaccio, Alfredo"]
[Result "0-1"]
[WhiteElo "2426"]
[BlackElo "2462"]
[PlyCount "48"]
[EventDate "2006.11.20"]
[EventType "tourn"]
[EventRounds "11"]
[EventCountry "ARG"]
[EventCategory "7"]
[Source "lmi"]
[SourceDate "2006.11.20"]

1. e4 e6 2. d4 d5 3. Nc3 Bb4 4. Nge2 Nc6 5. a3 Ba5 6. Be3 Nge7 7. Qd3 O-O 8. e5
Nf5 9. g3 Nxe3 10. Qxe3 Bb6 11. Na4 Bd7 12. Nxb6 axb6 13. Bg2 Na5 14. O-O Bb5
15. Rfe1 Bxe2 16. Rxe2 c5 17. dxc5 Nc4 18. Qb3 bxc5 19. Qxb7 Qa5 20. b3 Ra7 21.
Qc6 Nb6 22. b4 cxb4 23. Rb1 Rc8 24. Qd6 bxa3 0-1

[Event "4. Magistral Internacional de Pinamar"]
[Site "Pinamar ARG"]
[Date "2006.11.24"]
[Round "6.1"]
[White "Hungaski, Robert Andrew"]
[Black "Jonkman, Harmen"]
[Result "1-0"]
[WhiteElo "2366"]
[BlackElo "2430"]
[PlyCount "73"]
[EventDate "2006.11.20"]
[EventType "tourn"]
[EventRounds "11"]
[EventCountry "ARG"]
[EventCategory "7"]
[Source "lmi"]
[SourceDate "2006.11.20"]

1. Nf3 d5 2. d4 Nf6 3. c4 dxc4 4. e3 e6 5. Bxc4 a6 6. a4 c5 7. O-O Nc6 8. Qe2
Qc7 9. Nc3 Be7 10. Bd2 O-O 11. Rac1 Rd8 12. Bd3 cxd4 13. exd4 Qd6 14. Rfd1 Nb4
15. Bb1 Bd7 16. Ne5 Nbd5 17. a5 Bc6 18. Qf3 Nb4 19. Qg3 Nh5 20. Qh3 g6 21. Be3
Bd5 22. g4 Bb3 23. gxh5 Bxd1 24. hxg6 fxg6 25. Rxd1 Bf6 26. Ne4 Qe7 27. Nxf6+
Qxf6 28. Ng4 Qe7 29. Kh1 Nd5 30. Rg1 Nxe3 31. Qxe3 Qd6 32. Nf6+ Kg7 33. Nxh7
Qd5+ 34. f3 Qxd4 35. Qg5 Kh8 36. Nf6 Qd2 37. Qxg6 1-0

[Event "4. Magistral Internacional de Pinamar"]
[Site "Pinamar ARG"]
[Date "2006.11.24"]
[Round "6.2"]
[White "Giardelli, Sergio C"]
[Black "Rodi, Luis Ernesto"]
[Result "0-1"]
[WhiteElo "2413"]
[BlackElo "2283"]
[PlyCount "84"]
[EventDate "2006.11.20"]
[EventType "tourn"]
[EventRounds "11"]
[EventCountry "ARG"]
[EventCategory "7"]
[Source "lmi"]
[SourceDate "2006.11.20"]

1. c4 f5 2. g3 Nf6 3. Bg2 g6 4. b4 Bg7 5. d4 d6 6. Bb2 c6 7. Nf3 O-O 8. O-O Kh8
9. a4 Be6 10. Qc2 Bg8 11. b5 Qc7 12. bxc6 bxc6 13. c5 d5 14. Nbd2 Nbd7 15. Rab1
Rab8 16. Nb3 Ne4 17. Bc1 e5 18. dxe5 Rb4 19. Bf4 Rc4 20. Qd3 Ndxc5 21. Nxc5
Nxc5 22. Qa3 Qa5 23. Be3 Ne6 24. Rb7 Rf7 25. Rfb1 Bf8 26. Qb2 Rxb7 27. Qxb7
Qxa4 28. Ng5 Rb4 29. Rxb4 Qxb4 30. Qxc6 d4 31. Bf4 d3 32. exd3 Qe1+ 33. Bf1 Bc5
34. Nh3 Kg7 35. Qf3 Bf7 36. Qe2 Qxe2 37. Bxe2 a5 38. Bd1 Bd4 39. Bd2 Nc5 40.
Nf4 a4 41. Ne2 Bb2 42. Bc1 Nxd3 0-1

[Event "4. Magistral Internacional de Pinamar"]
[Site "Pinamar ARG"]
[Date "2006.11.24"]
[Round "6.3"]
[White "Kovalyov, Anton"]
[Black "Flores, Diego"]
[Result "1-0"]
[WhiteElo "2381"]
[BlackElo "2512"]
[PlyCount "101"]
[EventDate "2006.11.20"]
[EventType "tourn"]
[EventRounds "11"]
[EventCountry "ARG"]
[EventCategory "7"]
[Source "lmi"]
[SourceDate "2006.11.20"]

1. c4 g6 2. d4 Bg7 3. e4 d6 4. Nc3 Nf6 5. Nf3 O-O 6. h3 e5 7. d5 Na6 8. Bg5 Qe8
9. g4 Kh8 10. Be2 Ng8 11. Qd2 f5 12. gxf5 gxf5 13. exf5 Bxf5 14. O-O-O Nb4 15.
Nh4 Bc2 16. Rdf1 e4 17. a3 a5 18. Ng2 Bd3 19. Ne1 Bxe2 20. Qxe2 Na6 21. Qc2 c6
22. Rhg1 cxd5 23. Nxd5 Rc8 24. Bd2 Be5 25. f4 Bd4 26. Be3 Bxe3+ 27. Nxe3 Qe6
28. Kb1 Nf6 29. Qc3 b5 30. f5 Qf7 31. N1g2 Rxc4 32. Nxc4 Qxc4 33. Nf4 Qxc3 34.
bxc3 Nc7 35. Ne6 Rc8 36. Ng5 Rf8 37. Ne6 Rc8 38. Nxc7 Rxc7 39. Kb2 d5 40. Rd1
Re7 41. Kc2 Rc7 42. Kb3 Re7 43. a4 bxa4+ 44. Kxa4 Re5 45. Rb1 h5 46. Rb8+ Kh7
47. Rb7+ Kh8 48. Rg6 Rxf5 49. Rf7 e3 50. Rfxf6 e2 51. Rxf5 1-0

[Event "4. Magistral Internacional de Pinamar"]
[Site "Pinamar ARG"]
[Date "2006.11.24"]
[Round "6.4"]
[White "Rodriguez, Andres"]
[Black "Lemos, Damian"]
[Result "1-0"]
[WhiteElo "2496"]
[BlackElo "2371"]
[PlyCount "91"]
[EventDate "2006.11.20"]
[EventType "tourn"]
[EventRounds "11"]
[EventCountry "ARG"]
[EventCategory "7"]
[Source "lmi"]
[SourceDate "2006.11.20"]

1. d4 Nf6 2. Bg5 e6 3. e4 h6 4. Bxf6 Qxf6 5. Nf3 d6 6. Nc3 Nd7 7. Qd2 a6 8.
O-O-O Qd8 9. h4 b5 10. d5 e5 11. Kb1 Nf6 12. Bd3 g6 13. Nh2 h5 14. f3 Bb7 15.
Rdf1 c6 16. dxc6 Bxc6 17. g4 b4 18. Nd5 Bxd5 19. exd5 Qb6 20. f4 hxg4 21. fxe5
dxe5 22. Qg5 Be7 23. Qxe5 Rh5 24. Qe2 Nxd5 25. Bc4 Qe6 26. Qd3 Qe3 27. Qxe3
Nxe3 28. Bxf7+ Kd7 29. Re1 Bc5 30. Nxg4 Nxg4 31. Be6+ Kd6 32. Bxg4 Re5 33. Rd1+
Kc7 34. Rd7+ Kb6 35. Rg7 Rae8 36. Rxg6+ Ka5 37. Rd1 Re1 38. Rg5 Kb6 39. h5 R8e4
40. Rg6+ Ka5 41. c3 bxc3 42. bxc3 R1e3 43. Kc2 Rc4 44. Rd3 Rxd3 45. Kxd3 Ra4
46. h6 1-0

[Event "4. Magistral Internacional de Pinamar"]
[Site "Pinamar ARG"]
[Date "2006.11.24"]
[Round "6.5"]
[White "Cordova, Emilio"]
[Black "Cubas, Jose Fernando"]
[Result "1-0"]
[WhiteElo "2482"]
[BlackElo "2426"]
[PlyCount "79"]
[EventDate "2006.11.20"]
[EventType "tourn"]
[EventRounds "11"]
[EventCountry "ARG"]
[EventCategory "7"]
[Source "lmi"]
[SourceDate "2006.11.20"]

1. d4 d5 2. Nf3 Nf6 3. c4 e6 4. g3 Bb4+ 5. Bd2 Be7 6. Bg2 O-O 7. Qc2 Nbd7 8.
O-O c6 9. Bf4 Nh5 10. Nbd2 g5 11. Be3 f5 12. Nb3 f4 13. Bd2 Bd6 14. g4 Ng7 15.
h3 Qf6 16. e4 Qg6 17. Ne1 e5 18. exd5 Qxc2 19. Nxc2 f3 20. Bh1 cxd5 21. cxd5
Nb6 22. Rfe1 exd4 23. Ncxd4 h5 24. Bxf3 hxg4 25. hxg4 Rxf3 26. Nxf3 Bxg4 27.
Ne5 Bh5 28. Bxg5 Nxd5 29. Nc4 Bb4 30. Re5 Nc7 31. Be7 Bxe7 32. Rxe7 Nge6 33.
Re1 b5 34. Nd6 a5 35. R7xe6 Nxe6 36. Rxe6 a4 37. Nc5 b4 38. Re4 b3 39. a3 Rd8
40. Ncb7 1-0

[Event "4. Magistral Internacional de Pinamar"]
[Site "Pinamar ARG"]
[Date "2006.11.24"]
[Round "6.6"]
[White "Quinteros, Miguel A"]
[Black "Giaccio, Alfredo"]
[Result "1/2-1/2"]
[WhiteElo "2488"]
[BlackElo "2462"]
[PlyCount "54"]
[EventDate "2006.11.20"]
[EventType "tourn"]
[EventRounds "11"]
[EventCountry "ARG"]
[EventCategory "7"]
[Source "lmi"]
[SourceDate "2006.11.20"]

1. c4 e6 2. g3 d5 3. Bg2 c6 4. Qc2 Nf6 5. Nf3 Nbd7 6. O-O Bd6 7. d4 O-O 8. Nbd2
Re8 9. e4 Nxe4 10. Nxe4 dxe4 11. Qxe4 e5 12. Qc2 exd4 13. Nxd4 Ne5 14. c5 Bf8
15. Qc3 Bg4 16. f3 Bd7 17. Be3 Qe7 18. Nb3 Be6 19. Bd4 Nd7 20. Rfe1 Qd8 21. Na5
Nxc5 22. Bxc5 Bxc5+ 23. Qxc5 b6 24. Qxc6 bxa5 25. Qa6 Qb6+ 26. Qxb6 axb6 27. a3
Rac8 1/2-1/2

[Event "4. Magistral Internacional de Pinamar"]
[Site "Pinamar ARG"]
[Date "2006.11.25"]
[Round "7.1"]
[White "Lemos, Damian"]
[Black "Hungaski, Robert Andrew"]
[Result "1/2-1/2"]
[WhiteElo "2371"]
[BlackElo "2366"]
[PlyCount "143"]
[EventDate "2006.11.20"]
[EventType "tourn"]
[EventRounds "11"]
[EventCountry "ARG"]
[EventCategory "7"]
[Source "lmi"]
[SourceDate "2006.11.20"]

1. d4 Nf6 2. c4 g6 3. g3 Bg7 4. Bg2 d5 5. cxd5 Nxd5 6. e4 Nb6 7. Ne2 O-O 8. O-O
Re8 9. Nbc3 Nc6 10. d5 Na5 11. b3 c6 12. Be3 cxd5 13. exd5 Bd7 14. Bd4 Bf8 15.
Nf4 Nc8 16. b4 Nc4 17. Qe2 N8d6 18. Ne4 Bg7 19. Bxg7 Kxg7 20. Rac1 Nxe4 21.
Qxe4 Nd6 22. Qd4+ Kg8 23. Rfe1 Qb6 24. Qd2 a5 25. a3 axb4 26. axb4 Ra4 27. Rb1
Bf5 28. Rb3 Rc8 29. Qe3 Qxe3 30. Rbxe3 Rc7 31. Rxe7 Rxe7 32. Rxe7 g5 33. g4
Bxg4 34. Nd3 Bf5 35. Bf1 Bxd3 36. Bxd3 Rxb4 37. Rd7 Rb6 38. Kg2 Kg7 39. Kf3 h5
40. Ke3 Kf6 41. Kd4 Nc8 42. Rc7 Ne7 43. Kc5 Rb2 44. d6 b6+ 45. Kd4 Ng6 46. Bxg6
fxg6 47. d7 Ke7 48. Ke3 Rb3+ 49. Ke4 Rb4+ 50. Kf3 Rf4+ 51. Kg3 Rf5 52. f3 Rf6
53. Rb7 Kd8 54. h3 Ke7 55. Kg2 Rd6 56. Kf2 Rd2+ 57. Ke3 Rb2 58. Ke4 h4 59. Ke5
Rb5+ 60. Ke4 Rb1 61. Ke5 b5 62. Rb6 Kxd7 63. Rxg6 Rf1 64. Ke4 Rg1 65. Rb6 Rb1
66. Rg6 Rb4+ 67. Kf5 Rb1 68. Rxg5 Rh1 69. Rh5 Rxh3 70. Kg4 Rg3+ 71. Kxh4 Rxf3
72. Rxb5 1/2-1/2

[Event "4. Magistral Internacional de Pinamar"]
[Site "Pinamar ARG"]
[Date "2006.11.25"]
[Round "7.2"]
[White "Jonkman, Harmen"]
[Black "Giardelli, Sergio C"]
[Result "0-1"]
[WhiteElo "2430"]
[BlackElo "2413"]
[PlyCount "90"]
[EventDate "2006.11.20"]
[EventType "tourn"]
[EventRounds "11"]
[EventCountry "ARG"]
[EventCategory "7"]
[Source "lmi"]
[SourceDate "2006.11.20"]

1. e4 c5 2. c3 d5 3. exd5 Qxd5 4. d4 Nf6 5. Nf3 e6 6. Be3 cxd4 7. cxd4 Be7 8.
Nc3 Qd6 9. Bd3 O-O 10. Qc2 Nc6 11. a3 Rd8 12. Rd1 h6 13. O-O b6 14. Bc4 Na5 15.
Ba2 Bb7 16. Ne5 Rac8 17. Bb1 Nc4 18. Bf4 Nxa3 19. bxa3 Qxa3 20. Nb5 Qb4 21. Qe2
Ba6 22. Bd3 Bxb5 23. Bxb5 Rxd4 24. Rxd4 Qxd4 25. Bg3 Qc5 26. Ba6 Rd8 27. h3 Nd5
28. Qh5 g6 29. Nxg6 fxg6 30. Qxg6+ Kf8 31. Be5 Bd6 32. Qxh6+ Ke7 33. Qg7+ Ke8
34. Bd4 Qb4 35. Bb7 Ne7 36. Rc1 a5 37. Be3 a4 38. Bf3 a3 39. Bg4 Qe4 40. Bxb6
Rb8 41. Bf3 Qe5 42. Bc6+ Nxc6 43. Qg6+ Kd7 44. Qh7+ Ne7 45. Be3 a2 0-1

[Event "4. Magistral Internacional de Pinamar"]
[Site "Pinamar ARG"]
[Date "2006.11.25"]
[Round "7.3"]
[White "Rodi, Luis Ernesto"]
[Black "Kovalyov, Anton"]
[Result "0-1"]
[WhiteElo "2283"]
[BlackElo "2381"]
[PlyCount "70"]
[EventDate "2006.11.20"]
[EventType "tourn"]
[EventRounds "11"]
[EventCountry "ARG"]
[EventCategory "7"]
[Source "lmi"]
[SourceDate "2006.11.20"]

1. e4 c5 2. Nf3 d6 3. d4 cxd4 4. Nxd4 Nf6 5. Nc3 a6 6. Be3 e5 7. Nde2 Nbd7 8.
Ng3 g6 9. f3 Qc7 10. Qd2 Be7 11. O-O-O b5 12. Bg5 Bb7 13. Be2 Rc8 14. Bxf6 Nxf6
15. Kb1 O-O 16. Nd5 Nxd5 17. exd5 Qd8 18. h4 f5 19. h5 Bg5 20. Qd3 Rc4 21. Qb3
Rc7 22. Rh3 Bc8 23. Rdh1 f4 24. Ne4 Bxh3 25. Rxh3 Be7 26. a4 Rb7 27. hxg6 hxg6
28. axb5 axb5 29. Qb4 Qb6 30. Rh1 Ra8 31. Nc3 Rba7 32. b3 Ra1+ 33. Kb2 Rxh1 34.
Qe4 Kg7 35. Bd3 Rh6 0-1

[Event "4. Magistral Internacional de Pinamar"]
[Site "Pinamar ARG"]
[Date "2006.11.25"]
[Round "7.4"]
[White "Flores, Diego"]
[Black "Quinteros, Miguel A"]
[Result "1-0"]
[WhiteElo "2512"]
[BlackElo "2488"]
[PlyCount "157"]
[EventDate "2006.11.20"]
[EventType "tourn"]
[EventRounds "11"]
[EventCountry "ARG"]
[EventCategory "7"]
[Source "lmi"]
[SourceDate "2006.11.20"]

1. d4 Nf6 2. c4 c5 3. d5 e5 4. Nc3 d6 5. e4 g6 6. Nf3 Bg7 7. Be2 O-O 8. O-O Ne8
9. a3 f5 10. b4 Na6 11. Rb1 f4 12. Ne1 Nf6 13. Nd3 b6 14. a4 Rf7 15. a5 Bf8 16.
Bd2 g5 17. g4 h5 18. h3 Rh7 19. Kg2 Rh6 20. f3 Be7 21. Na4 Kf7 22. axb6 axb6
23. bxc5 bxc5 24. Nb6 Rb8 25. Nxc8 Qxc8 26. Rh1 Nc7 27. Rxb8 Qxb8 28. Qb1 Qh8
29. Nf2 hxg4 30. hxg4 Rxh1 31. Nxh1 Qa8 32. Nf2 Qa3 33. Nd3 Nce8 34. Bd1 Nd7
35. Qb3 Qxb3 36. Bxb3 Nb6 37. Kf2 Bd8 38. Ke2 Ke7 39. Nc1 Kd7 40. Kd3 Kc8 41.
Bd1 Kb7 42. Nb3 Nc8 43. Bc3 Bb6 44. Nc1 Ne7 45. Ba4 Nc7 46. Nb3 Ka6 47. Bd7 Ng8
48. Kc2 Nf6 49. Bc8+ Ka7 50. Kb2 Kb8 51. Bf5 Kb7 52. Ka3 Nfe8 53. Ka4 Nf6 54.
Na5+ Bxa5 55. Bxa5 Ng8 56. Be6 Ne7 57. Bf7 Nc8 58. Bg6 Nb6+ 59. Kb3 Nd7 60. Bf5
Nb8 61. Ka4 Nba6 62. Bd7 Nb4 63. Bxb4 cxb4 64. Bb5 Kb6 65. Kxb4 Na8 66. c5+
dxc5+ 67. Kc4 Nc7 68. Ba4 Na6 69. d6 Nb4 70. d7 Kc7 71. Kxc5 Nd3+ 72. Kd5 Kd8
73. Bb5 Ne1 74. Kxe5 Nxf3+ 75. Kd6 Nh4 76. e5 Ng6 77. Bd3 Ne7 78. Be4 Ng8 79.
e6 1-0

[Event "4. Magistral Internacional de Pinamar"]
[Site "Pinamar ARG"]
[Date "2006.11.25"]
[Round "7.5"]
[White "Cubas, Jose Fernando"]
[Black "Rodriguez, Andres"]
[Result "0-1"]
[WhiteElo "2426"]
[BlackElo "2496"]
[PlyCount "64"]
[EventDate "2006.11.20"]
[EventType "tourn"]
[EventRounds "11"]
[EventCountry "ARG"]
[EventCategory "7"]
[Source "lmi"]
[SourceDate "2006.11.20"]

1. e4 d6 2. d4 g6 3. Nc3 Bg7 4. Be3 a6 5. a4 Nf6 6. h3 O-O 7. Nf3 b6 8. Be2 c5
9. e5 Nfd7 10. exd6 exd6 11. dxc5 dxc5 12. Qd5 Qc7 13. Rd1 Nc6 14. O-O Nf6 15.
Qg5 Re8 16. Qh4 Bf5 17. Bf4 Qb7 18. Rd6 Nh5 19. Be3 Qc7 20. Rfd1 Nd4 21. Nxd4
cxd4 22. R1xd4 Be5 23. Bxh5 Bxd6 24. Nd5 Rxe3 25. fxe3 Qd8 26. Nf6+ Kg7 27. Bf3
Rb8 28. g4 Bxc2 29. g5 h5 30. Bxh5 Qe7 31. Qf2 Bc5 32. Nd5 Qxg5+ 0-1